000 01230naa a22003257a 4500
001 BR7806326
003 BR-BrBNA
005 20240918174228.0
007 ta
008 230509b bl.||||| |||| 00| 0 por d
040 _aBR-BrBNA
_bpor
_cBiblioteca Nacional de Agricultura
041 _a(Pt)
072 _aH10
_b1440
_b3575
_b4020
_bG514
090 _aH10 BR7806326
100 1 _aSantos, J.H.R. dos
100 1 _aTeofilo, E.M.
100 1 _aOliveira, F.J. de
245 1 _aPercentagens de sementes de cultivares de feijao-de-corda, Vigna sinensis (L.)Savi, atacados pelo chalcodermus bimaculatus Fiedler, 1936 (Col., Curc.)segunda lista [manhoso, Ceara]
260 3 _aFortaleza, CE (Brasil):
_c[nd].
500 _aRelatorio de Pesquisa 1977 - Programa de pesquisa com a cultura do feijoeiro Fortaleza, CE (Brasil): [nd]. p. 58-67 (BR7806326-AM)H10
650 _aFEIJAO DE CORDA
650 _aSEMENTE
650 _aMANHOSO
650 _aVARIEDADE
650 _aSELECAO GENETICA
650 _aCEARA
773 0 _tRelatorio de Pesquisa 1977 - Programa de pesquisa com a cultura do feijoeiro
_wH10 BR7806326
_gFortaleza, CE (Brasil), [nd]. p. 58-67
909 _a202404
_bLucia
_c55
_dLucia Elande
942 _cAM
_2AGRIS
999 _c309737
_d309737